[Event "Belgrade Trophy 29th"]
[Site "Belgrade"]
[Date "2015.11.28"]
[Round "5"]
[White "Milanovic, Danilo"]
[Black "Atalik, Suat"]
[Result "1-0"]
[WhiteElo "2466"]
[BlackElo "2570"]
[Annotator "Atalik,S"]
[PlyCount "139"]
[EventDate "2015.11.24"]
[EventType "swiss"]
[EventRounds "9"]
[EventCountry "SRB"]
[SourceTitle "CBM 170"]
[Source "ChessBase"]
[SourceDate "2016.01.15"]
[SourceVersion "1"]
[SourceVersionDate "2016.01.15"]
[SourceQuality "1"]

1. d4 Nf6 2. Bf4 $5 {The 'Correct Bishop Opening' is very much à la mode
these days, especially in faster time controls.} b6 3. e3 Bb7 4. Nf3 e6 5. Bd3
c5 6. Nbd2 cxd4 7. exd4 Be7 {This is what I used to play as a youngster
against the London System and should be good enough.} 8. h3 $5 d6 9. O-O O-O
10. Re1 Re8 $5 {Sparing the possibility of ...Nc6.} (10... Nbd7 11. a4 a6 12.
Bh2 (12. c4 d5) 12... Re8 13. a5 b5 14. c4 bxc4 15. Nxc4 Qb8 {I think by not
pushing c3, White is aiming for such a position.} 16. Rc1 Bd5 17. Nfd2 Ra7 $13)
11. a4 (11. c3 Nbd7 12. a4 a6 13. Bh2 Qc7 {is also logical.} (13... Nf8 $5 14.
Nc4 Nd5 15. Nfd2 Qc7 $1 16. Ne4 Rad8 $14)) 11... Nc6 $5 {Once a4 is in ...Nc6
makes more sense than ever.} 12. Bf1 $5 (12. c3 e5 $5 13. Bg3 exd4 14. Nxd4
Nxd4 15. cxd4 Bf8 $13) 12... Qd7 $5 13. Nc4 $5 ({I was more expecting} 13. c3
Rad8 $13 {Black is obviously planning Qc8-a8 there.}) 13... Nb4 $1 14. Nfd2
Nbd5 15. Bh2 Bc6 16. c3 a6 $1 17. f3 $1 $13 {A really strange game has evolved
from a regular London System position.} Rec8 (17... Red8 $5 18. Ne4 Qc7 {
is another idea.}) 18. Ne4 Ne8 $1 19. Bd3 $1 Qd8 $5 {Keeping an eye on the
a5-square.} (19... Qc7 20. Qe2 b5 21. Na5 $1) ({Too early for} 19... Bxa4 $2
20. Qxa4 (20. Rxa4 b5 21. Nexd6 $16) 20... b5 (20... Qxa4 21. Rxa4 b5 22. Ncxd6
$16) 21. Qa2 bxc4 22. Bxc4 $16) 20. Na3 $5 (20. Qe2 Bf8 (20... b5 $2 21. Na5 $1
) 21. Na3 Bb7 22. Nc2 $14) 20... Ra7 $1 21. Nc2 Qd7 22. c4 Ndf6 23. Nc3 d5 $1
$11 {Black is at least equal after this.} 24. Ne3 dxc4 (24... Bd6 $6 25. Bxd6
Qxd6 26. a5 bxa5 27. c5 $36 {is something to be avoided.}) 25. Bxc4 $138 {
A fairly normal position but with one important point to mention: My opponent
had some seconds!} Nd6 $6 ({By far the best is} 25... Nc7 $142 26. Qd3 Nfd5 27.
Ncxd5 Nxd5 (27... exd5 $2 28. Bb3 Ne6 29. Ng4 $40) 28. Nxd5 exd5 29. Bb3 $15) (
25... Bd6 $6 26. Be5) (25... Rd8 $6 26. Be5) 26. Bb3 $1 $11 {Now White is all
set up for d5.} b5 27. d5 exd5 28. Nexd5 Nxd5 29. Nxd5 Bxd5 30. Qxd5 (30. Bxd5
Nc4 31. Bxc4 bxc4 32. Be5 $132) 30... Nc4 31. Qxd7 Rxd7 32. axb5 (32. Rac1 $5
Kf8 $11) 32... axb5 33. Rac1 (33. Bxc4 bxc4 34. Be5 $11) 33... Kf8 ({I wanted
to play} 33... f6 $6 {but the pin on a2-g8 diagonal annoyed me.} 34. Ba2 $1 $16
(34. Re4 Bc5+ 35. Kf1 Bd4 36. Rd1 Rcd8 $11)) (33... Bc5+ 34. Kh1) 34. Re2 (34.
Ba2 $2 Bc5+) 34... Rd3 (34... Bf6 35. Bxc4 Rxc4 36. Rxc4 bxc4 37. Rc2 $11) 35.
Bxc4 bxc4 ({I had to settle for a draw:} 35... Rxc4 36. Rxc4 bxc4 37. Rc2 Bf6
38. Rxc4 Bxb2 $11) 36. Be5 $5 (36. Rec2 $11) 36... Bg5 (36... Bc5+ 37. Kf1 f6
38. Bc3 Kf7 $11) (36... Bf6 37. Bxf6 gxf6 38. Rec2 Rb3 $11) 37. Ra1 $1 {
In this unnecessary play this move was a small surprise.} f6 (37... Bd2 38. Ra3
$1 Rxa3 39. Bd6+ Kg8 40. Bxa3 $11) ({I still can not believe that I did not
play the obvious.} 37... Be3+ $1 38. Kf1 f5 39. Bc3 (39. Ra5 g6 40. Ra6 $11)
39... Rc7 $11) 38. Bc3 h5 $2 {The start of a thematic plan!} (38... Be3+ 39.
Kf1 Kf7 40. g4 Kg6 $11 {and nothing is happening in the game.}) 39. Kf2 $1 h4
$2 {This one is a real mistake} (39... Rc7 40. Ra4 Bc1 41. Re4 Rb7 (41... Kf7
42. Kg3) 42. Ra2 Rc7 43. Ke2 Rd5 $11) 40. Ra7 $16 Rd1 $138 {I almost lost on
time before physically making this move.} (40... Rdd8 41. Re4 $5 $16 (41. Ree7
Bh6)) (40... Bf4 $2 41. Ree7 Bg3+ $2 42. Kf1 $18) 41. Ree7 Bh6 42. Re4 $5 (42.
Rac7 Rdd8 (42... Rxc7 $2 43. Rxc7 Bf4 44. Rxc4 Bg3+ 45. Ke3 Rg1 46. Bb4+ Kf7
47. Rc2 $18) 43. Rxc8 Rxc8 44. Re4 Bg5 (44... Bc1 $5 45. Rxh4 Kf7 46. Re4 Rb8
47. Re2 $16) 45. f4 (45. Rg4 Kf7 46. f4 Bh6 47. Rxh4 Rc5 48. Kf3 Rd5 49. Ke4
Rd3 $44) 45... Bh6 46. Kf3 Kf7 (46... f5 $2 47. Re5 g6 48. Re6 $18) 47. Kg4 g5
48. f5 Bf8 49. Re6 Be7 $14) 42... f5 $5 {I felt that I had to play sharply
since many of these lines were lost for Black.} (42... Bg5 43. f4 (43. Rg4 Rc1
44. f4 Bh6 45. Rxh4 Rc2+ 46. Kf3 Rd8 47. Bxf6 Rd3+ 48. Kg4 Rxg2+ 49. Kf5 $16)
43... Bh6 44. Ra5 $16) (42... Rc1 43. Rxh4 Rc2+ 44. Kg3 Rc6 45. Rd4 $18) 43.
Re5 (43. Rxh4 $5 Rc1 (43... f4 $2 44. Bxg7+ Bxg7 45. Rxf4+ Kg8 46. Rg4 $18) 44.
Kg3 Kg8 45. Ra5 f4+ 46. Kh2 (46. Rxf4 Bxf4+ 47. Kxf4 $16) 46... Rd8 47. Be5 Rf8
48. Rg4 Rf7 $16 {and Black is still kicking!}) 43... Kg8 $5 {This looked like
the best in dire straits.} (43... f4 $2 44. Ree7 (44. Rh5 $5) 44... Rcd8 45.
Rf7+ Kg8 46. Rxg7+ $1 Bxg7 47. Rxg7+ Kf8 48. Rg4 R8d2+ (48... Rc1 49. Rxf4+ Ke8
50. Rxh4 Rc2+ 51. Kg3 $18) 49. Bxd2 Rxd2+ 50. Kf1 Rc2 51. Rxf4+ Ke7 52. Rxh4
Kd6 53. Re4 $18) 44. Rxf5 (44. Ree7 Rc1 $1 45. Rxg7+ Bxg7 46. Rxg7+ Kf8 47. Rg5
Rc2+ 48. Ke3 Ke7 $132) 44... Re8 45. f4 Re4 46. Ra8+ $1 {White has to support
the important pawn f4.} (46. Kf3 $2 Rxf4+ 47. Rxf4 Rf1+ 48. Ke4 Rxf4+ 49. Kd5
Rf2 $11) (46. Rff7 $2 Rxf4+ 47. Rxf4 Bxf4 48. Rxg7+ Kf8 49. Rg4 Bg3+ 50. Kf3
Rf1+ 51. Ke4 Rf2 52. Kd5 Rxg2 53. Kxc4 Rh2 $11) 46... Kh7 47. Raf8 Kg6 48. Kf3
Re7 49. Re5 Rd3+ $5 {There is nothing to be done, Black is stone cold lost.} (
49... Rf1+ 50. Ke2 (50. Kg4 Rxe5 51. Bxe5 Rf2 52. g3 hxg3 53. Kxg3 Rf1) 50...
Rxe5+ 51. Bxe5 (51. Kxf1 $2 Rf5 $11) 51... Rg1 52. Kf2 Rc1 (52... Rb1 53. Rc8
Kf5 54. Rxc4 Rd1 55. b4 Rd2+ 56. Kf3 Rd3+ 57. Ke2 Rg3 58. b5 $18) (52... Rd1
53. Rc8 Kf5 54. Rc5 Ke4 55. Rxc4+ Kf5 56. b4 $18) 53. Rc8 Kf5 54. Bc3 Rb1 (
54... Bxf4 $2 55. Rf8+ Ke4 56. Rxf4+ Kxf4 57. Bd2+ $18) 55. Rc5+ Kxf4 56. Rxc4+
Kg5 $18 {looks lost after all because of the precarious position of Black's
king.}) 50. Kf2 Rxe5 51. Bxe5 ({I was more afraid of} 51. fxe5 $5 Re3 52. Rc8
Re4 53. Rc6+ Kf5 54. e6 $1 Rf4+ 55. Ke2 Re4+ 56. Kd1 Rxe6 57. Rc5+ Kf4 58.
Rxc4+ Kg3 59. Rg4+ Kh2 60. Bxg7 Be3 61. Rxh4 Kxg2 62. Bc3 Kg3 63. Rh5 Kf3 64.
Kc2 $18 {I am not so sure if Black could give his bishop in return for White's
pawns.}) 51... Kh5 $2 {A bad mistake but} ({even the best defence can not hold
anymore.} 51... Rd2+ $1 52. Kf3 Rd3+ 53. Ke2 (53. Kg4 Rg3+ 54. Kxh4 Rxg2 55.
f5+ Kh7 56. Bc3 Bg5+ 57. Kh5 Bc1 58. Rc8 Rg5+ 59. Kh4 Rxf5 60. Rxc4) 53... Rb3
54. Bc3 (54. Rc8 Kf5 55. Rxc4) 54... Rb5 55. Ke3 $18) 52. Rc8 $18 {After the
second pawn is gone, there is nothing left for Black!} Kg6 53. Rxc4 Kf5 54. Rc5
Ke4 55. Rc4+ Kf5 (55... Kd5 56. Ra4) 56. Ke2 Rg3 57. Kf1 Rb3 58. Kf2 g6 {
For some reason I did not want to repeat the moves.} ({After} 58... Rd3 $142
59. Rc3 (59. Bc3 Bxf4 60. b4 g5 61. b5 Bd2 $1 $132) 59... Rd2+ 60. Kf3 Rxb2 61.
Rc5 Rb3+ 62. Bc3+ Ke6 63. Kg4 $18 {comes into mind among many other winning
attempts.}) 59. Bc3 $1 Rb5 (59... Bxf4 60. Rb4 Rxb4 61. Bxb4 Ke4 62. Ke2 $18 {
is a winning bishop ending.}) 60. Kf3 g5 $4 {This lemon loses a piece in one
move.} (60... Bf8 61. Rc7 $18) 61. fxg5 $2 $138 (61. Rc6 $1 $18) 61... Bxg5 62.
Ra4 Bd8 63. Rd4 Bg5 64. Ra4 Bd8 65. Rf4+ Kg5 66. Rg4+ Kh5 67. Ke4 Bc7 68. Ke3
Bg3 69. Ra4 Rf5 $2 (69... Kg6 70. b4 $18 {and it is all gone.}) 70. Ba5 1-0

[Event "Lasker Memorial"]
[Site "Berlin"]
[Date "2000.05.05"]
[Round "7"]
[White "Glienke, Manfred"]
[Black "Atalik, Suat"]
[Result "1/2-1/2"]
[WhiteElo "2393"]
[BlackElo "2575"]
[Annotator "Atalik,S"]
[PlyCount "114"]
[EventDate "2000.04.29"]
[EventType "tourn"]
[EventRounds "9"]
[EventCountry "GER"]
[EventCategory "9"]
[SourceTitle "EXT 2002"]
[Source "ChessBase"]
[SourceDate "2001.11.25"]
[SourceVersion "1"]
[SourceVersionDate "2001.11.25"]
[SourceQuality "1"]

1. d4 Nf6 2. Nf3 c5 3. e3 e6 4. Bd3 b6 5. O-O Bb7 6. Nbd2 Nc6 7. Re1 $5 (7. c3
Qc7 8. a3 d5) 7... Be7 8. c3 Qc7 9. a3 d5 10. b4 (10. e4 dxe4 11. Nxe4 cxd4 12.
cxd4 O-O $13) 10... O-O 11. Qe2 (11. Bb2 c4 12. Bc2 Nb8) 11... e5 12. dxe5 Nxe5
13. Nxe5 Qxe5 14. Bb2 (14. Nf3 Qe6) 14... Ne4 15. Nf3 (15. Nxe4 $6 dxe4 16. Ba6
Bxa6 17. Qxa6 cxb4 18. axb4 Bxb4 19. cxb4 Qxb2 $17) 15... Qe6 16. bxc5 bxc5 (
16... Bxc5 17. Nd4) (16... Nxc5 17. Nd4) 17. c4 Rab8 18. Be5 Bd6 19. Bxd6 Qxd6
20. Rac1 Qe7 21. Qc2 Rfc8 22. Red1 (22. Rb1 g6 (22... dxc4 $2 23. Rxb7 cxd3 24.
Rxe7 dxc2 25. Rxe4 Rb1 26. Rc4 $18)) 22... g6 23. h3 Nf6 24. Be2 Rc7 25. Ne1
Rd8 26. Bf3 Rcc8 27. cxd5 (27. Qb3 Rb8) 27... Nxd5 $2 (27... Bxd5 28. e4 Bxe4
29. Rxd8+ Rxd8 30. Qxc5 $11) 28. Qa4 $2 (28. Qb3 Nb6 29. Rxd8+ Rxd8 30. Bxb7 c4
31. Qb4 Qxb7 32. Rxc4 Rd1 33. Rd4 $18) 28... Ba8 29. Qa5 Kg7 30. e4 Nf6 31.
Rxd8 (31. e5 Nd5 (31... Nd7 $6 32. Bg4)) 31... Qxd8 32. Qxd8 (32. Rxc5 Bxe4 (
32... Qxa5 33. Rxa5 Bxe4 34. Bxe4 Nxe4 35. Rxa7 Rc1 36. Kf1 Ra1 37. f3 $16 (37.
Ke2 Nc3+ 38. Kd3 $1 (38. Kd2 Rxa3) 38... Nb5 $11) (37. a4 Nc5 $11)) 33. Qxd8
Rxd8 $11) 32... Rxd8 33. Rxc5 (33. e5 Nd7 34. Rd1 Bxf3 35. Nxf3 Kf8 36. e6 $140
$2 fxe6 37. Ne5 Ke8 $17) 33... Bxe4 34. Rc7 Bxf3 35. Nxf3 Rd7 36. Rxd7 Nxd7 37.
Kf1 Kf6 38. Ke2 Ne5 39. Nd2 $6 (39. Nd4 Nc4 40. a4 a5) 39... Ke6 40. f4 Nd7 41.
Kd3 Kd5 42. g3 (42. Nf3 f6) 42... Nc5+ 43. Ke3 a5 44. g4 f6 45. h4 a4 46. h5
gxh5 47. gxh5 h6 48. Kf3 Ne6 $2 (48... f5 49. Nf1 Kc4 50. Ne3+ Kb3 51. Nxf5
Kxa3 52. Nxh6 (52. Nd4 $2 Kb2 53. Nb5 Ne6 54. Ke3 Nc7 55. Nd4 a3 56. Kd2 a2 57.
Nc2 Nd5 58. f5 Ne3 59. f6 Nxc2 60. f7 a1=Q 61. f8=Q Qe1+ 62. Kd3 Qe3+ 63. Kc4
Qb3+ 64. Kc5 Qb4+ $19) 52... Kb3 (52... Kb2 53. Nf5 Ne6 54. h6 Nf8 55. Ne3) (
52... Kb4 53. Nf5 a3 54. Nd4 a2 55. h6 Kc3 56. h7 a1=Q 57. h8=Q Qf1+ 58. Kg4
Qg2+ 59. Kf5 Qe4+ $11) 53. Nf5 (53. Nf7 Ne6 54. h6 Nf8 55. Ne5 Kc3 $19) 53...
Ne6 (53... a3 $2 54. Nd4+ Kb2 55. h6 a2 56. h7 a1=Q 57. h8=Q $16) 54. h6 Nf8
55. Ke3 a3 56. Nd4+ Kb2 57. Kd2 a2 58. Nc2 Nh7 $11) (48... Nb3 49. Ne4 $11) (
48... Kd4 $1 49. Kg4 (49. Nf1 $2 Ne4 50. Kg4 Nd6 51. Ng3 Kc4 52. Nf5 Nf7 53.
Ne3+ Kb3 54. Kf5 Kxa3 $19) 49... Kc3 $1 (49... Ke3 50. Nc4+ Kd4 51. Nd6 $11) (
49... Nb3 50. Nf1 Na5 51. Ng3 Nc4 52. Nf5+ Kd5 53. Nxh6 Ke6 54. Nf5 $11) 50.
Kf5 $3 (50. Nf3 $2 Kb2 51. Kf5 Kxa3 52. Nd4 Kb2 53. Nb5 Nd3 $19) 50... Kxd2 51.
Kxf6 $1 (51. Kg6 $2 Nd3 52. f5 Ke3 53. Kxf6 Ke4 54. Kg6 Nf4+ $19) 51... Ke3 52.
Kg6 Kxf4 53. Kxh6 Kf5 (53... Ke5 54. Kg6 Nd7 55. h6 Nf6 56. Kg7 $11) 54. Kg7
Ne6+ 55. Kf7 Ng5+ 56. Kg7 $11 (56. Ke7 Ne4 57. Kd7 $11)) (48... Nd3 49. Ne4 Ke6
50. Nc3 (50. Ke3 Nb2 51. Kd4 Kf5 52. Nc5 Kxf4 53. Kc3 Nd1+ 54. Kd3 $11) 50...
Kf5 $11) 49. Ne4 $11 Nd4+ 50. Ke3 Nc2+ 51. Kd3 Ne1+ 52. Ke3 Ng2+ 53. Kf3 Nh4+
54. Ke3 Ng2+ 55. Kf3 Ne1+ 56. Ke3 Nc2+ 57. Kd3 Ne1+ 1/2-1/2

[Event "URS-ch46 First League"]
[Site "Ashkhabad"]
[Date "1978.??.??"]
[Round "1"]
[White "Beliavsky, Alexander G"]
[Black "Sveshnikov, Evgeny"]
[Result "1/2-1/2"]
[WhiteElo "2545"]
[BlackElo "2565"]
[Annotator "Bulletin"]
[PlyCount "32"]
[EventDate "1978.10.??"]
[EventType "tourn"]
[EventRounds "17"]
[EventCountry "URS"]
[EventCategory "10"]
[SourceTitle "MCL"]
[Source "ChessBase"]
[SourceDate "1999.07.01"]
[SourceVersion "1"]
[SourceVersionDate "1999.07.01"]
[SourceQuality "1"]

1. c4 e6 2. Nf3 d5 3. d4 Nf6 4. Bg5 c6 5. Nbd2 Be7 6. e3 O-O 7. Bd3 b6 8. O-O
Bb7 9. cxd5 cxd5 10. Ne5 Nfd7 11. Qh5 $6 (11. Bxe7 Qxe7 12. f4 $1 $14) 11... g6
$1 12. Nxg6 fxg6 13. Bxg6 hxg6 14. Qxg6+ Kh8 15. Qh6+ (15. f4 $2 Bxg5 16. fxg5
(16. Rf3 Bh4 17. Rh3 Qf6 18. Qh5+ Kg8 19. Rxh4 Rf7) 16... Qe7 $17) 15... Kg8
16. Qg6+ Kh8 1/2-1/2

[Event "USA-ch"]
[Site "Greenville"]
[Date "1983.??.??"]
[Round "6"]
[White "Lein, Anatoly"]
[Black "Whitehead, Jay E"]
[Result "1/2-1/2"]
[WhiteElo "2490"]
[BlackElo "2325"]
[Annotator "Bulletin"]
[PlyCount "113"]
[EventDate "1983.07.??"]
[EventType "tourn"]
[EventRounds "13"]
[EventCountry "USA"]
[EventCategory "10"]
[SourceTitle "MCL"]
[Source "ChessBase"]
[SourceDate "1999.07.01"]
[SourceVersion "1"]
[SourceVersionDate "1999.07.01"]
[SourceQuality "1"]

1. Nf3 Nf6 2. g3 c5 3. Bg2 b6 4. O-O Bb7 5. c3 e6 6. d4 Be7 7. Bg5 O-O 8. Nbd2
d5 $10 9. Ne5 Nbd7 (9... Nc6) 10. f4 Nxe5 (10... h6 $1 11. Bh4 (11. Bxf6 $1)
11... Nxe5 12. fxe5 Ng4 $15) 11. fxe5 Ng4 12. Bf4 $1 Bg5 $1 (12... g5 13. Bf3 (
13. e4)) 13. Rf3 Bxf4 14. gxf4 f5 15. Rg3 Rc8 $2 (15... cxd4 $1) 16. h3 Nh6 17.
Nf3 Kh8 18. Qd2 Bc6 19. Rf1 Be8 20. Rf2 Bh5 21. Ng5 Qe7 22. Bf1 Nf7 23. Rfg2
Nxg5 24. Rxg5 g6 25. e3 h6 26. R5g3 Rg8 27. Kh2 Rg7 $2 (27... c4 $1) 28. dxc5
$2 (28. c4 $1 dxc4 29. d5 $1) 28... Rxc5 29. Rg1 Rc8 30. Qg2 Qh4 31. Qf2 g5 32.
R3g2 Qxf2 33. Rxf2 Kh7 34. Bd3 Rg6 35. Rfg2 Rcg8 36. Rg3 g4 37. Be2 R8g7 38. c4
dxc4 39. e4 $6 Rd7 $6 (39... b5 $1) 40. exf5 exf5 41. hxg4 $6 (41. Bxc4 gxh3
42. Rxg6 (42. Bd3 Rxg3 43. Bxf5+ Bg6 44. Bxd7 Rf3 $10) 42... Bxg6 43. Bg8+ $1
Kg7 (43... Kxg8 44. Rxg6+ Kh7 45. Rf6) 44. Be6 Rd2+ 45. Kxh3 Rd3+ 46. Rg3 Rxg3+
$10) 41... Bxg4 42. Bxg4 Rxg4 43. Rxg4 fxg4 44. Kg3 h5 45. f5 Kh6 $1 46. Kf4
Rd4+ 47. Ke3 Rd3+ 48. Ke4 Kg5 49. e6 Kf6 50. Rh1 Rh3 51. Rd1 Rh2 (51... Rd3 $10
) 52. Rd7 Re2+ 53. Kf4 Rf2+ 54. Ke4 Re2+ 55. Kf4 Rf2+ 56. Ke4 Re2+ 57. Kf4
1/2-1/2

[Event "Sharjah FIDE GP (Women)"]
[Site "Sharjah"]
[Date "2014.08.30"]
[Round "5"]
[White "Danielian, Elina"]
[Black "Zhao, Xue"]
[Result "1-0"]
[WhiteElo "2490"]
[BlackElo "2508"]
[Annotator "CB"]
[PlyCount "51"]
[EventDate "2014.08.25"]
[EventType "tourn"]
[EventRounds "11"]
[EventCountry "UAE"]
[EventCategory "10"]
[SourceTitle "CBM 162"]
[Source "ChessBase"]
[SourceDate "2014.09.17"]
[SourceVersion "1"]
[SourceVersionDate "2014.09.17"]
[SourceQuality "1"]

{White's slight pressure was not handled by Zhao Xue in the best way possible.
A strong break-through on d5 emphasized Black's bad position and a bad mistake
caused her position to be ripped apart even faster.} 1. d4 Nf6 2. Nf3 b6 3. e3
Bb7 4. Bd3 c5 5. O-O g6 6. c4 cxd4 7. exd4 Bg7 8. Nc3 d5 9. cxd5 O-O 10. Re1
Nxd5 11. Bg5 Nf6 12. Qe2 Nc6 13. Rad1 e6 14. Bc4 Na5 15. Bb5 a6 16. Bd3 Nc6 $6
(16... Qc7 $1 {It was important to move out of the pin as soon as possible.})
17. Be4 $1 {White has some real pressure now.} h6 18. d5 $1 exd5 19. Bxd5 Qb8
$2 (19... hxg5 20. Bxc6 {simply loses the g5 pawn, but it was much better than
the game continuation.}) 20. Bxf6 Bxf6 21. Qe4 $1 {A brutal double attack on
g6 and c6.} Nd8 22. Qxg6+ Bg7 23. Qxb6 Bxc3 24. bxc3 Bxd5 25. Qxh6 Bxf3 26.
Qg5+ 1-0

[Event "URS-ch51 Final"]
[Site "Lvov"]
[Date "1984.04.14"]
[Round "9"]
[White "Psakhis, Lev"]
[Black "Beliavsky, Alexander G"]
[Result "0-1"]
[WhiteElo "2535"]
[BlackElo "2565"]
[Annotator "ChessBase"]
[PlyCount "66"]
[EventDate "1984.04.03"]
[EventType "tourn"]
[EventRounds "17"]
[EventCountry "URS"]
[EventCategory "10"]
[SourceTitle "URS-ch"]
[Source "ChessBase"]
[SourceDate "1999.07.01"]
[SourceVersion "1"]
[SourceVersionDate "1999.07.01"]
[SourceQuality "1"]

1. d4 Nf6 2. Nf3 b6 3. Bg5 Ne4 4. Bf4 d5 5. e3 e6 6. Nbd2 Bd6 7. Bd3 Bb7 8. c3
O-O 9. Qc2 f5 10. h4 Nd7 11. Bxd6 cxd6 12. Ng1 Ndf6 13. f3 Ng3 14. Rh3 Nfh5 15.
O-O-O Qc8 16. Nb3 e5 17. Qf2 f4 18. dxe5 dxe5 19. exf4 exf4 20. Qc2 h6 21. Ne2
Ba6 22. Nxg3 Nxg3 23. h5 Bc4 24. Nd4 Qe8 25. Bg6 Qe5 26. Qf2 Bxa2 27. Re1 Qc7
28. Ne6 $16 Qd7 29. Nxf8 Rxf8 30. Rh4 Bc4 31. Bc2 d4 32. cxd4 (32. Rxf4 Rxf4
33. Qxg3 Rf8 34. Re4 d3 35. Rxc4 dxc2 36. Rd4 $14) (32. Qd2 Qd6 33. cxd4 $16)
32... Qb5 $11 {[#]} 33. Rxf4 $2 (33. Re5 Qa6 34. Rxf4 Rc8 $11) (33. Qd2 Qa6 34.
Rxf4 Rc8 $11) 33... Qg5 $19 0-1

[Event "YUG-chT"]
[Site "Tivat"]
[Date "1995.??.??"]
[Round "4"]
[White "Rakic, Tomislav"]
[Black "Djuric, Stefan"]
[Result "1-0"]
[WhiteElo "2380"]
[BlackElo "2470"]
[Annotator "Dolmatov,S"]
[PlyCount "87"]
[EventDate "1995.??.??"]
[EventType "team-swiss"]
[EventRounds "11"]
[EventCountry "YUG"]
[SourceTitle "CBM 048 Extra"]
[Source "ChessBase"]
[SourceDate "1995.11.01"]
[SourceVersion "1"]
[SourceVersionDate "1995.11.01"]
[SourceQuality "1"]

1. d4 Nf6 2. Nf3 b6 3. Nc3 Bb7 4. Bg5 e6 (4... d5) 5. e3 (5. e4 h6 6. Bxf6 Qxf6
7. Bd3 (7. a3 d6 8. Bb5+ c6 9. Bd3 Nd7 10. O-O Qd8 11. Qe2 $14) 7... Bb4 8. O-O
Bxc3 9. bxc3 O-O 10. Nd2 $14 {Nej,I-Ritov,B/Tallinn/1973/}) 5... h6 6. Bh4 c5
$6 (6... Be7 7. Bd3 c5 8. O-O d5 $10) (6... d5 7. Ne5 Be7 8. Bb5+ c6 9. Bd3
Nbd7 10. f4 a6 11. Qf3 c5 12. O-O $14) 7. Bxf6 Qxf6 8. d5 $1 $16 a6 (8... exd5
9. Nxd5 Bxd5 10. Qxd5 Qxb2 11. Rd1 (11. Qxa8 Qxa1+ 12. Kd2 Bd6 $13) 11... Qb4+
$1 (11... Qc3+ 12. Rd2 Qa1+ 13. Ke2 $18) 12. c3 $1 (12. Rd2 Qb1+ 13. Ke2 Qb5+
14. c4 Qc6 $13) 12... Qxc3+ 13. Rd2 $18) 9. e4 e5 10. a4 d6 11. Nd2 Qd8 12. Nc4
$6 (12. Bd3 Be7 13. O-O O-O 14. Rb1 Nd7 15. b4 cxb4 16. Rxb4 Rc8 17. Ne2 $14)
12... Nd7 13. Ra3 $6 (13. Bd3 Be7 14. O-O O-O 15. Qe2 $16) 13... Be7 14. Rb3
Rb8 (14... O-O $6 15. Na5 Qc7 16. Nxb7 Qxb7 17. Bc4 $14) 15. Be2 O-O 16. O-O
Bc8 17. Bg4 Qc7 18. Qf3 $6 (18. g3 g6 19. f4 $14) 18... g6 19. Qe2 Bg5 (19...
f5 20. Bh3 (20. exf5 gxf5 21. Bh3 Nf6 22. Ne3 f4 23. Nf5 $14) 20... Nf6 $14)
20. Qd3 Kg7 21. g3 Bf6 22. Kh1 $6 (22. f4 exf4 23. gxf4 Bd4+ 24. Kh1 f5 25.
exf5 Nf6 26. Bh3 $16) 22... h5 23. Bh3 h4 24. f4 hxg3 25. Qxg3 (25. hxg3 $2 Rh8
26. Kg2 exf4 (26... Rxh3 27. Kxh3 exf4 28. Kg2 Ne5 29. Nxe5 Bxe5 $13) 27. gxf4)
25... exf4 26. Qxf4 Be5 27. Qf2 (27. Nxe5 $6 dxe5 28. Qf2 Qd6 $15) 27... Qd8
28. Ne2 (28. Nxe5 $2 Nxe5 $15) 28... Qe7 $2 (28... Nf6 $6 29. Nxe5 dxe5 30.
Bxc8 Rxc8 31. Rf3 Nxe4 32. Rxf7+ Kg8 33. Rxf8+ Qxf8 34. Qg2 $18) (28... b5 $5
29. axb5 axb5 30. Nxe5 (30. Rf3 $6 bxc4 31. Rxf7+ Rxf7 (31... Kg8 32. Be6 $40)
32. Qxf7+ Kh6 $13) 30... Nxe5 31. Bxc8 Rxc8 $1 (31... Qxc8 $2 32. Qf6+ $16) 32.
Rxb5 Qe7 $44) 29. Rf3 b5 30. axb5 axb5 31. Na5 $16 Bb7 32. Bxd7 Qxd7 33. Nf4
Bxf4 34. Rxf4 Qe7 35. b4 $5 Ba8 (35... cxb4 $5 36. Qd4+ Qe5 37. Qxb4) 36. bxc5
dxc5 37. Nb3 Rbc8 38. Qg3 Bb7 39. Nd2 b4 40. Nf3 Qd7 $2 (40... Ba6 41. Nh4 $18)
41. Ne5 $18 Qd6 42. Rxf7+ Rxf7 43. Rxf7+ Kg8 44. Qh4 1-0

[Event "Nikolaev zt"]
[Site "Nikolaev"]
[Date "1995.??.??"]
[Round "10"]
[White "Malaniuk, Vladimir P"]
[Black "Aleksandrov, Aleksej"]
[Result "1-0"]
[WhiteElo "2615"]
[BlackElo "2510"]
[Annotator "Dolmatov,S"]
[PlyCount "95"]
[EventDate "1995.03.??"]
[EventType "swiss"]
[EventRounds "11"]
[EventCountry "UKR"]
[SourceTitle "CBM 047"]
[Source "ChessBase"]
[SourceDate "1995.08.01"]
[SourceVersion "1"]
[SourceVersionDate "1995.08.01"]
[SourceQuality "1"]

1. d4 Nf6 2. Nf3 e6 3. e3 b6 4. Bd3 Bb7 5. O-O Be7 6. b3 O-O 7. Bb2 c5 8. c4 d6
(8... d5 9. Nbd2 Nc6 10. Rc1 $13) 9. Nbd2 (9. Nc3 $5 Nbd7 10. Qe2 a6 11. Rad1
$16 {Alster,B-Ujtelky,M/Marianske Lazne/1958/}) 9... Nc6 10. a3 a5 (10... Rc8
$5 11. Qc2 h6 12. Rfd1 cxd4 13. exd4 d5 $132) 11. Qc2 h6 12. Bc3 d5 (12... cxd4
13. Nxd4 (13. exd4 d5 14. Ne5 $132) 13... d5 14. Nb5 $14) 13. Rfd1 Ra7 $6 (
13... Rc8 14. Qb2 Qc7 (14... Rc7 $132) 15. Rac1 Qb8) 14. dxc5 bxc5 15. cxd5
exd5 16. e4 a4 (16... d4 $5 17. Bb2 a4 18. bxa4 Na5) 17. exd5 Nxd5 18. Bb2 Nf4
19. Bf1 Qd5 (19... axb3 20. Nxb3 Qb6 $10) 20. Nc4 Nh3+ 21. Kh1 axb3 22. Rxd5
bxc2 23. Rd2 Rd8 24. Rxc2 (24. Rxd8+ $2 Nxd8 $17) 24... Nd4 25. Nxd4 cxd4 26.
Ne5 Nf4 27. f3 d3 (27... Bf6 28. Nd3 $6 (28. Nc6 Rc8 29. Rac1) 28... Nd5 $15)
28. Rd2 f6 29. Nc4 (29. Nxd3 $2 Ba6 30. Rad1 Rad7 $19) 29... Ra4 (29... Ba6 $5
30. Ne3 Rc7 $15) 30. Nb6 Ra6 31. Nc4 Bc5 32. Rdd1 Bc6 $1 (32... Bd5 33. Bxd3 $2
(33. Rac1 Ra4 $132) 33... Bxf3 34. gxf3 Rxd3 $17) 33. Bc1 $2 (33. Rac1 Ba4 34.
Rd2 $17) 33... Ba4 $4 (33... Ra4 $2 34. Nb2) (33... Nh3 $1 $19) 34. Bxf4 Bxd1
35. Rxd1 Ra4 36. Rxd3 Rxd3 $16 37. Bxd3 Bxa3 38. h4 g5 $6 (38... Be7 39. Kh2
$16) 39. Bg3 Bc5 40. h5 Kg7 41. Kh2 Ra2 42. Bg6 Re2 43. Bd6 Bd4 44. Bc7 Re1 45.
Nd2 Rc1 46. Bd6 Rc6 47. Bg3 Rc5 48. Ne4 (48. Ne4 Ra5 49. Nd6 {/\Nf5+-}) 1-0